000
00294nam a2200133Ia 4500
100
_a
Hummphery/Watts S
942
_c
BK
654
_a
computer
245
_a
Discipline for Software Enggineering
260
_b
Addison Wesly
_a
NONE
_c
1995
300
_a
789
546
_a
ENGLISH
999
_c
26760
_d
26760